[Event "East Lansing (MI Op/1)"]
[Site "?"]
[Date "1982.??.??"]
[Round "?"]
[White "Rogan, M.."]
[Black "Braak, Dairen"]
[Result "1-0"]
[WhiteElo "2065"]
[BlackElo "1835"]
[PlyCount "81"]
[EventDate "1982.??.??"]

1. e4 c5 2. Nc3 Nc6 3. g3 e6 4. Bg2 Nf6 5. Nge2 Rb8 6. d4 cxd4 7. Nxd4 Nxd4 8.
Qxd4 d6 9. Qxa7 Bd7 10. Be3 b5 11. Rd1 b4 12. Ne2 Bc6 13. Nd4 Ba8 14. O-O Nxe4
15. Qa4+ Qd7 16. Qxd7+ Kxd7 17. Nb3 Kc7 18. Rd4 f5 19. Rc4+ Kd7 20. Rd1 Be7 21.
Bxe4 fxe4 22. Nc5+ Ke8 23. Nxe6 Kf7 24. Ng5+ Kg6 25. Ne6 Rhc8 26. Nf4+ Kf7 27.
Rdd4 g5 28. Ne2 d5 29. Rxc8 Rxc8 30. c3 Bc5 31. cxb4 Bxd4 32. Nxd4 h6 33. b5
Rb8 34. a4 Bb7 35. a5 Bc8 36. Kg2 Ke8 37. b4 Bd7 38. b6 Ke7 39. b5 Kd6 40. a6
Rxb6 41. a7 1-0

[Event "East Lansing (MI Op/1)"]
[Site "?"]
[Date "1982.??.??"]
[Round "?"]
[White "Riggins, D.."]
[Black "Ward, Tim"]
[Result "1/2-1/2"]
[WhiteElo "2110"]
[BlackElo "1900"]
[PlyCount "85"]
[EventDate "1982.??.??"]

1. e4 e6 2. d4 d5 3. Nc3 Nf6 4. e5 Nfd7 5. Nce2 c5 6. c3 Nc6 7. a3 cxd4 8. cxd4
Be7 9. g3 Qb6 10. Nf3 O-O 11. Bh3 Na5 12. O-O Nb8 13. Nc3 Nb3 14. Rb1 Nxc1 15.
Qxc1 Nc6 16. Rd1 a5 17. Qc2 f5 18. Bf1 Bd7 19. Na4 Qa7 20. Nc5 Nxd4 21. Rxd4
Bxc5 22. Rh4 Rac8 23. Qd2 Be7 24. Rh3 Rc7 25. Bd3 Rfc8 26. Ng5 Bxg5 27. Qxg5
Qd4 28. Qe3 Qxe3 29. fxe3 Rc5 30. Rh4 Bb5 31. Bxb5 Rxb5 32. Rd4 Rc2 33. b4 Rc3
34. a4 Rxb4 35. Rdxb4 axb4 36. Rxb4 Rc7 37. Kf2 g5 38. h3 h5 39. g4 fxg4 40.
hxg4 h4 41. a5 Kf8 42. Rb6 Ke7 43. Kf3 1/2-1/2

[Event "Southfield (MEX/1)"]
[Site "?"]
[Date "1982.??.??"]
[Round "?"]
[White "Riggins, D.."]
[Black "Turner, George"]
[Result "1/2-1/2"]
[WhiteElo "2110"]
[BlackElo "2030"]
[PlyCount "25"]
[EventDate "1982.??.??"]

1. e4 d5 2. exd5 Qxd5 3. Nc3 Qa5 4. Nf3 Bg4 5. h3 Bxf3 6. Qxf3 c6 7. Bc4 Nf6 8.
d3 e6 9. Bd2 Qd8 10. O-O-O Bd6 11. g4 O-O 12. h4 Nbd7 13. d4 1/2-1/2

[Event "Southfield (MEX/5)"]
[Site "?"]
[Date "1982.??.??"]
[Round "?"]
[White "Riggins, D.."]
[Black "Stein, K.."]
[Result "0-1"]
[WhiteElo "2110"]
[BlackElo "2280"]
[PlyCount "68"]
[EventDate "1982.??.??"]

1. e4 c5 2. Nf3 e6 3. d4 cxd4 4. Nxd4 Nf6 5. Nc3 Nc6 6. Ndb5 d6 7. Bf4 e5 8.
Bg5 a6 9. Na3 b5 10. Nd5 Be7 11. Nxe7 Nxe7 12. Bxf6 gxf6 13. Qf3 f5 14. exf5 d5
15. f6 Nf5 16. O-O-O Be6 17. Nxb5 axb5 18. Bxb5+ Kf8 19. g4 Nh4 20. Qg3 Qxf6
21. Kb1 Nf3 22. h4 Nd4 23. g5 Qf5 24. Rxd4 exd4 25. Qd6+ Kg8 26. Bd3 Qf3 27.
Rc1 Bf5 28. Qc6 Rc8 29. Qb7 Kg7 30. h5 Bxd3 31. h6+ Kg6 32. Qb6+ Kh5 33. Rg1
Rxc2 34. Ka1 Rhc8 0-1

[Event "Southfield (MEX/3)"]
[Site "?"]
[Date "1982.??.??"]
[Round "?"]
[White "Riggins, D.."]
[Black "Quigley, L.."]
[Result "1-0"]
[WhiteElo "2110"]
[BlackElo "2150"]
[PlyCount "93"]
[EventDate "1982.??.??"]

1. e4 e5 2. Nf3 Nc6 3. Bb5 a6 4. Bxc6 dxc6 5. O-O Qd6 6. d4 exd4 7. Qxd4 Bd7 8.
Nc3 Qxd4 9. Nxd4 O-O-O 10. Be3 Re8 11. Rfe1 Ne7 12. Rad1 Ng6 13. h3 Bd6 14. a3
f6 15. Nb3 Ne5 16. Na4 Nc4 17. Bc1 b6 18. Nd2 Ne5 19. f4 Ng6 20. Nc4 b5 21.
Nab6+ Kd8 22. Nxd6 cxd6 23. Rxd6 Nf8 24. Nxd7 Nxd7 25. Rxc6 Nb8 26. Rd6+ Kc7
27. Rd3 Re6 28. Kf2 Rhe8 29. Kf3 Rc6 30. Re2 Nd7 31. Be3 Rc4 32. Bf2 g5 33. g3
h5 34. Rc3 Rxc3+ 35. bxc3 Re6 36. Bd4 Rc6 37. e5 fxe5 38. fxe5 Nf8 39. Ke4 Ne6
40. Rf2 Nxd4 41. cxd4 Rc3 42. Rf3 Rxc2 43. Kd5 a5 44. e6 b4 45. axb4 axb4 46.
Rf7+ Kd8 47. Kd6 1-0

[Event "East Lansing (MI Op/7)"]
[Site "?"]
[Date "1982.??.??"]
[Round "?"]
[White "Rawley, L.."]
[Black "Cooper, T.."]
[Result "1/2-1/2"]
[WhiteElo "2235"]
[BlackElo "2100"]
[PlyCount "72"]
[EventDate "1982.??.??"]

1. e4 d6 2. d4 Nf6 3. Nc3 g6 4. f4 Bg7 5. Nf3 c5 6. dxc5 Qa5 7. Bd3 Qxc5 8. Qe2
O-O 9. Be3 Qa5 10. O-O Bg4 11. Qd2 Bxf3 12. Rxf3 Ng4 13. Nd5 Qd8 14. c3 e6 15.
Nb4 Nxe3 16. Qxe3 Nc6 17. Nc2 a6 18. a4 Rc8 19. Rd1 Qa5 20. Na3 Rfd8 21. Bc2
Qc7 22. Bb3 Bf8 23. Kh1 Ne7 24. Qe2 Qb6 25. Ba2 Qc6 26. Rfd3 Qxa4 27. Rxd6 Rxd6
28. Rxd6 Nc6 29. Rd2 Bxa3 30. bxa3 Qxa3 31. f5 exf5 32. exf5 Rf8 33. h3 Qxc3
34. Rd7 Qc1+ 35. Kh2 Qf4+ 36. Kh1 Qxf5 1/2-1/2

[Event "East Lansing (MI Op/4)"]
[Site "?"]
[Date "1982.??.??"]
[Round "?"]
[White "Rawley, L.."]
[Black "Beider, Andrew"]
[Result "0-1"]
[WhiteElo "2235"]
[BlackElo "2120"]
[PlyCount "108"]
[EventDate "1982.??.??"]

1. e4 c5 2. Nc3 Nc6 3. g3 g6 4. Bg2 Bg7 5. d3 e6 6. Be3 d6 7. f4 Nge7 8. Nf3
O-O 9. Qd2 Nd4 10. Nd1 d5 11. c3 Nxf3+ 12. Bxf3 d4 13. Bf2 Bd7 14. O-O Bc6 15.
Qe2 Qd7 16. c4 Rab8 17. Rc1 Rfc8 18. b3 a5 19. Be1 b6 20. g4 f5 21. Bh4 Re8 22.
a4 Rbc8 23. Nf2 Kf7 24. Nh3 h6 25. gxf5 exf5 26. e5 Qe6 27. Rce1 Rc7 28. Qg2
Bh8 29. Kh1 Bxf3 30. Rxf3 Rg8 31. Bg5 Bg7 32. Rg3 Bf8 33. Bh4 Ra7 34. Ng1 Nc6
35. Nf3 Be7 36. Bxe7 Nxe7 37. Qh3 Kg7 38. Nd2 Raa8 39. Kg1 Rh8 40. Ne4 Rad8 41.
Re2 Kf7 42. Nf6 Ng8 43. Reg2 Ne7 44. Qh4 g5 45. Qh5+ Ng6 46. Nd5 Rdg8 47. h3
Kf8 48. fxg5 f4 49. Rf3 hxg5 50. Qxg5 Qxe5 51. Rxf4+ Nxf4 52. Qxe5 Rxg2+ 53.
Kf1 Rf2+ 54. Kg1 Rg8+ 0-1

[Event "East Lansing (MI Op/2)"]
[Site "?"]
[Date "1982.??.??"]
[Round "?"]
[White "Rawley, L.."]
[Black "Baze, Lineas"]
[Result "1-0"]
[WhiteElo "2235"]
[BlackElo "1860"]
[PlyCount "45"]
[EventDate "1982.??.??"]

1. d4 d5 2. c4 dxc4 3. Nf3 Nf6 4. e3 e6 5. Bxc4 Be7 6. O-O O-O 7. Qe2 Nbd7 8.
Rd1 Nb6 9. Bd3 Bd7 10. Nc3 Nbd5 11. Bd2 Nxc3 12. Bxc3 Nd5 13. Bd2 Bd6 14. Rac1
Re8 15. Ne5 Bxe5 16. dxe5 Bc6 17. Qg4 Ne7 18. Bb4 Qc8 19. Bxe7 Rxe7 20. Qh4 f6
21. Bxh7+ Kf8 22. exf6 gxf6 23. Qh6+ 1-0

[Event "Southfield (MEX/4)"]
[Site "?"]
[Date "1982.??.??"]
[Round "?"]
[White "Quigley, L.."]
[Black "Finegold, Ben"]
[Result "0-1"]
[WhiteElo "2150"]
[BlackElo "2065"]
[PlyCount "84"]
[EventDate "1982.??.??"]

1. d4 Nf6 2. c4 e6 3. Nc3 Bb4 4. e3 b6 5. Nge2 Bb7 6. a3 Bxc3+ 7. Nxc3 c5 8. f3
cxd4 9. exd4 d5 10. Bg5 dxc4 11. Bxc4 O-O 12. Qd3 h6 13. Bh4 Nbd7 14. O-O Rc8
15. Nb5 Ba6 16. Rac1 Nb8 17. Rfd1 Qd7 18. a4 Nd5 19. b3 Nc6 20. Bg3 Ncb4 21.
Qe2 Rc6 22. Nd6 Bxc4 23. bxc4 Ne7 24. c5 Nbd5 25. a5 bxc5 26. dxc5 Nc8 27. a6
Nxd6 28. Bxd6 Rfc8 29. Kf2 Nc7 30. Qb2 f6 31. Qb7 Qe8 32. Ra1 Rb8 33. Qxa7 Rb2+
34. Ke1 Qg6 35. Rd2 Rxd2 36. Kxd2 Qxg2+ 37. Kc1 Qf1+ 38. Kb2 Qe2+ 39. Kb1 Qd1+
40. Kb2 Qd2+ 41. Kb1 Nd5 42. Ra3 Nb4 0-1

[Event "Southfield (MEX/2)"]
[Site "?"]
[Date "1982.??.??"]
[Round "?"]
[White "Quigley, L.."]
[Black "Dowling, John"]
[Result "1/2-1/2"]
[WhiteElo "2150"]
[BlackElo "2090"]
[PlyCount "70"]
[EventDate "1982.??.??"]

1. d4 Nf6 2. c4 e6 3. Nc3 Bb4 4. e3 c5 5. Nge2 O-O 6. a3 cxd4 7. axb4 dxc3 8.
Nxc3 d5 9. cxd5 exd5 10. Be2 Nc6 11. b5 Ne5 12. b3 Re8 13. Bb2 Bf5 14. O-O Qd6
15. h3 Qe6 16. Qd4 b6 17. Rac1 Rad8 18. g4 Bd3 19. Kg2 Bxe2 20. Nxe2 Ng6 21.
Ng3 Nh4+ 22. Kh1 Nf3 23. Qf4 Nd2 24. Rfd1 Nfe4 25. Nf5 f6 26. Rc6 Qf7 27. Rxd2
Nxd2 28. Rxf6 Qb7 29. Rc6 Rd7 30. Nd6 Rxd6 31. Qxd6 Qf7 32. Kg1 Qf3 33. Rc8
Qd1+ 34. Kh2 Nf1+ 35. Kg2 Nxe3+ 1/2-1/2

[Event "Ann Arbor (MI Futurity/4)"]
[Site "?"]
[Date "1982.??.??"]
[Round "?"]
[White "Puls, M.."]
[Black "Whitehouse, D.."]
[Result "1/2-1/2"]
[WhiteElo "2105"]
[BlackElo "2290"]
[PlyCount "38"]
[EventDate "1982.??.??"]

1. e4 e6 2. d4 d5 3. Nd2 c5 4. Ngf3 Nc6 5. exd5 exd5 6. Bb5 Bd6 7. dxc5 Bxc5 8.
Nb3 Bd6 9. O-O Nge7 10. Re1 O-O 11. Bg5 Bg4 12. c3 Qc7 13. h3 Bh5 14. Be2 h6
15. Bxe7 Nxe7 16. Nbd4 a6 17. Nh4 Bxe2 18. Qxe2 Qd7 19. Qh5 Rae8 1/2-1/2

[Event "Ann Arbor (MI Futurity/8)"]
[Site "?"]
[Date "1982.??.??"]
[Round "?"]
[White "Puls, M.."]
[Black "Poschel, Paul"]
[Result "1/2-1/2"]
[WhiteElo "2150"]
[BlackElo "2255"]
[PlyCount "77"]
[EventDate "1982.??.??"]

1. e4 c5 2. Nf3 e6 3. d4 cxd4 4. Nxd4 Nf6 5. Nc3 Nc6 6. Ndb5 Bb4 7. a3 Bxc3+ 8.
Nxc3 d5 9. exd5 exd5 10. Bd3 O-O 11. O-O h6 12. Bf4 d4 13. Nb5 Nd5 14. Qf3 Be6
15. Rad1 Qd7 16. h3 Rad8 17. Bh2 Qe7 18. Qg3 Rd7 19. Nd6 Rfd8 20. Nc4 Qf6 21.
Ne5 Nxe5 22. Qxe5 Qxe5 23. Bxe5 Nb6 24. Rd2 f6 25. Bg3 a6 26. Re1 Bf7 27. b3 g6
28. Rde2 Nd5 29. Bc4 Kf8 30. Bxd5 Bxd5 31. Rd2 Bf7 32. Red1 Be6 33. f3 d3 34.
Rxd3 Rxd3 35. Rxd3 Rxd3 36. cxd3 Bxb3 37. Kf2 Ke7 38. Ke3 Ke6 39. Kd4 1/2-1/2

[Event "Ann Arbor (MI Futurity/9)"]
[Site "?"]
[Date "1982.??.??"]
[Round "?"]
[White "Puls, M.."]
[Black "O'Donnell, Robert"]
[Result "1/2-1/2"]
[WhiteElo "2105"]
[BlackElo "2150"]
[PlyCount "42"]
[EventDate "1982.??.??"]

1. e4 e5 2. Nf3 Nc6 3. Bb5 a6 4. Ba4 Nf6 5. O-O Be7 6. Re1 b5 7. Bb3 d6 8. c3
O-O 9. h3 Bb7 10. d4 Re8 11. Ng5 Rf8 12. Nf3 Qd7 13. Nbd2 Rad8 14. Nf1 Na5 15.
Bc2 exd4 16. cxd4 d5 17. exd5 Bb4 18. Re2 Nxd5 19. Ne5 Qc8 20. Qd3 g6 21. Bg5
Be7 1/2-1/2

[Event "Ann Arbor (MI Futurity/6)"]
[Site "?"]
[Date "1982.??.??"]
[Round "?"]
[White "Puls, M.."]
[Black "Kensek, R.."]
[Result "0-1"]
[WhiteElo "2105"]
[BlackElo "2220"]
[PlyCount "48"]
[EventDate "1982.??.??"]

1. e4 c5 2. Nf3 d6 3. d4 cxd4 4. Nxd4 Nf6 5. Nc3 a6 6. Bg5 e6 7. f4 Be7 8. Qf3
Qc7 9. O-O-O Nbd7 10. Bd3 h6 11. h4 Nc5 12. Bxf6 Bxf6 13. Be2 Bd7 14. f5 O-O-O
15. Kb1 Kb8 16. g4 Rhe8 17. Rd2 Qa5 18. Nb3 Nxb3 19. axb3 Rc8 20. Rxd6 Rxc3 21.
bxc3 Bxc3 22. Qxc3 Qxc3 23. Rxd7 exf5 24. gxf5 Rxe4 0-1

[Event "Ann Arbor (MI Futurity/1)"]
[Site "?"]
[Date "1982.??.??"]
[Round "?"]
[White "Puls, M.."]
[Black "Buchholz, M.."]
[Result "0-1"]
[WhiteElo "2105"]
[BlackElo "2165"]
[PlyCount "75"]
[EventDate "1982.??.??"]

1. e4 e5 2. Nf3 Nc6 3. Bb5 Nge7 4. O-O Ng6 5. c3 d6 6. d4 Bd7 7. Nbd2 a6 8. Ba4
Be7 9. Re1 Bg5 10. Nxg5 Qxg5 11. Nf3 Qh5 12. d5 Nb8 13. Bxd7+ Nxd7 14. Be3 O-O
15. Nd2 Qh4 16. Qc2 f5 17. f3 f4 18. Bf2 Qg5 19. b4 b6 20. c4 a5 21. a3 Nh4 22.
Bxh4 Qxh4 23. Nf1 Qe7 24. Qf2 Ra7 25. Nd2 g5 26. Nb3 a4 27. Nc1 h5 28. h3 g4
29. Nd3 Rf7 30. Kh1 Rg7 31. Rg1 Ra8 32. Rac1 Kh8 33. Rc2 Rag8 34. Rcc1 gxh3 35.
gxh3 Rg3 36. Rxg3 Rxg3 37. Qh2 Qh4 38. Nf2 0-1

[Event "East Lansing (MI Op/7)"]
[Site "?"]
[Date "1982.??.??"]
[Round "?"]
[White "Pray, Don"]
[Black "Postma, D.."]
[Result "1/2-1/2"]
[WhiteElo "2070"]
[BlackElo "1980"]
[PlyCount "34"]
[EventDate "1982.??.??"]

1. e4 e5 2. Nf3 Nc6 3. d4 exd4 4. c3 d5 5. exd5 Qxd5 6. cxd4 Bg4 7. Be2 Bb4+ 8.
Nc3 Bxf3 9. Bxf3 Qc4 10. Qb3 Qxb3 11. axb3 Nxd4 12. Bxb7 Nc2+ 13. Kd1 Nxa1 14.
Bc6+ Kd8 15. Bxa8 Ne7 16. Be3 c6 17. Bb7 Nxb3 1/2-1/2

[Event "East Lansing (MI Op/4)"]
[Site "?"]
[Date "1982.??.??"]
[Round "?"]
[White "Pray, Don"]
[Black "Bohley, D.."]
[Result "1/2-1/2"]
[WhiteElo "2070"]
[BlackElo "2005"]
[PlyCount "96"]
[EventDate "1982.??.??"]

1. e4 Nc6 2. d4 d5 3. Nc3 dxe4 4. d5 Ne5 5. Qd4 Ng6 6. Be3 e5 7. Qxe4 Bd7 8.
Qc4 Nf6 9. h4 Bd6 10. O-O-O a6 11. h5 b5 12. Qd3 Ne7 13. Bg5 Bf5 14. Qe2 h6 15.
Bxf6 gxf6 16. g4 Bh7 17. Ne4 Bxe4 18. Qxe4 Qd7 19. Bd3 O-O-O 20. Ne2 c6 21.
dxc6 Qxc6 22. Qxc6+ Nxc6 23. Be4 Ne7 24. c3 Bc5 25. f3 Kc7 26. Rxd8 Rxd8 27.
Rd1 Be3+ 28. Kc2 Rxd1 29. Kxd1 Kd6 30. Kc2 Nd5 31. Bxd5 Kxd5 32. Ng3 Bg5 33.
Kd3 Bc1 34. b3 Bg5 35. Ne4 Bh4 36. c4+ bxc4+ 37. bxc4+ Kc6 38. Kc3 Be1+ 39. Kb3
Bh4 40. Ka4 Bg5 41. Ka5 Kb7 42. Nd6+ Kc6 43. Ne4 Kb7 44. c5 Be3 45. Kb4 Kc6 46.
Kc4 Bg1 47. g5 fxg5 48. Nxg5 f6 1/2-1/2

[Event "East Lansing (MI Op/5)"]
[Site "?"]
[Date "1982.??.??"]
[Round "?"]
[White "Pray, Don"]
[Black "Arganian, David G"]
[Result "1/2-1/2"]
[WhiteElo "2070"]
[BlackElo "1970"]
[PlyCount "33"]
[EventDate "1982.??.??"]

1. e4 e5 2. Nf3 Nc6 3. d4 exd4 4. c3 d5 5. exd5 Qxd5 6. cxd4 Bg4 7. Be2 Bb4+ 8.
Nc3 Bxf3 9. Bxf3 Qc4 10. Qb3 Qxb3 11. axb3 Nxd4 12. Bxb7 Rb8 13. Rxa7 Bc5 14.
Ra8 Rxa8 15. Bxa8 Nf6 16. Bg5 Kd7 17. Bxf6 1/2-1/2

[Event "East Lansing (MI Op/5)"]
[Site "?"]
[Date "1982.??.??"]
[Round "?"]
[White "Postma, D.."]
[Black "Jarosz, Stan"]
[Result "1-0"]
[WhiteElo "1980"]
[BlackElo "1820"]
[PlyCount "69"]
[EventDate "1982.??.??"]

1. c4 e6 2. Nc3 d5 3. cxd5 exd5 4. g3 c6 5. d4 Bf5 6. Bg2 Nf6 7. Nf3 Be7 8. Qb3
Qc8 9. Bf4 Nbd7 10. Rc1 a6 11. a4 O-O 12. O-O Re8 13. Ne5 Be6 14. a5 Bd8 15.
Qa3 Bc7 16. f3 Nxe5 17. Bxe5 Nd7 18. Bxc7 Qxc7 19. e4 Nf6 20. e5 Nd7 21. f4 Nf8
22. f5 Bc8 23. Nxd5 Qd8 24. Nb6 Qxd4+ 25. Kh1 Rb8 26. Nc4 Rd8 27. Qb3 Qd3 28.
Rc3 Qd4 29. Nd6 Rd7 30. Bxc6 Re7 31. Bd5 Rxe5 32. Nxc8 Rxc8 33. Bxf7+ Kh8 34.
Rxc8 Qe4+ 35. Qf3 1-0

[Event "East Lansing (MI Op/4)"]
[Site "?"]
[Date "1982.??.??"]
[Round "?"]
[White "Postma, D.."]
[Black "Arganian, David H"]
[Result "1-0"]
[WhiteElo "1980"]
[BlackElo "1865"]
[PlyCount "83"]
[EventDate "1982.??.??"]

1. e4 c6 2. d4 d5 3. Nc3 dxe4 4. Nxe4 Nf6 5. Nxf6+ gxf6 6. Bc4 Bf5 7. Ne2 e6 8.
Bf4 Bd6 9. Qd2 Qc7 10. Be3 Nd7 11. Bd3 Bg6 12. c4 c5 13. f4 Bxd3 14. Qxd3 O-O-O
15. O-O h5 16. b4 cxd4 17. Nxd4 Bxb4 18. Nb5 Nc5 19. Qb1 Qa5 20. a3 Bc3 21.
Nxc3 Rd3 22. Nd1 Rhd8 23. Qb4 Qxb4 24. axb4 Nb3 25. Rb1 h4 26. Re1 h3 27. Nf2
Rc3 28. Nxh3 Rh8 29. Nf2 Rg8 30. Ne4 Rd3 31. Rbd1 Rgd8 32. Rxd3 Rxd3 33. h4 b6
34. Nxf6 a5 35. Bxb6 a4 36. Ne4 a3 37. Nc5 Nxc5 38. Bxc5 a2 39. Ra1 Rd2 40. Kh2
f5 41. h5 e5 42. h6 1-0

[Event "East Lansing (MI Op/1)"]
[Site "?"]
[Date "1982.??.??"]
[Round "?"]
[White "Postma, D.."]
[Black "Ahmadi, R.."]
[Result "1/2-1/2"]
[WhiteElo "1980"]
[BlackElo "1920"]
[PlyCount "48"]
[EventDate "1982.??.??"]

1. e4 Nf6 2. e5 Nd5 3. d4 d6 4. Nf3 g6 5. Nc3 Nb6 6. Bb5+ Bd7 7. e6 fxe6 8. Ng5
Bxb5 9. Nxb5 Qd7 10. Qe2 a6 11. Na3 Nc6 12. Nxe6 Nd8 13. Nxf8 Rxf8 14. c4 Qe6
15. Be3 Qf5 16. O-O Ne6 17. Rfe1 O-O-O 18. g3 Ng5 19. Bxg5 Qxg5 20. Rac1 Kb8
21. b4 Rf7 22. Qe3 Qg4 23. Qe6 Qf3 24. Qe3 Qg4 1/2-1/2

[Event "East Lansing (MI Op/3)"]
[Site "?"]
[Date "1982.??.??"]
[Round "?"]
[White "Posthumus, J.."]
[Black "Postma, D.."]
[Result "1/2-1/2"]
[WhiteElo "1825"]
[BlackElo "1980"]
[PlyCount "62"]
[EventDate "1982.??.??"]

1. d4 Nf6 2. c4 e6 3. Nc3 c5 4. d5 exd5 5. cxd5 d6 6. e4 Be7 7. Be2 O-O 8. Nf3
Re8 9. O-O Bg4 10. Bf4 Nbd7 11. Nd2 Bxe2 12. Qxe2 Bf8 13. Bg3 Nxe4 14. Ndxe4 f5
15. Qd3 fxe4 16. Nxe4 Ne5 17. Bxe5 Rxe5 18. f4 Re8 19. Ng5 g6 20. Rf3 Qb6 21.
Qc2 Qb4 22. Ne6 Bg7 23. Rb3 Qa4 24. f5 c4 25. Rc3 Qxc2 26. Rxc2 Rac8 27. fxg6
hxg6 28. a4 c3 29. bxc3 Rc4 30. Nxg7 Kxg7 31. Rb1 b6 1/2-1/2

[Event "East Lansing (MI Op/4)"]
[Site "?"]
[Date "1982.??.??"]
[Round "?"]
[White "Posthumus, J.."]
[Black "Gaba, H.."]
[Result "1-0"]
[WhiteElo "1825"]
[BlackElo "1910"]
[PlyCount "145"]
[EventDate "1982.??.??"]

1. d4 Nf6 2. c4 b6 3. Nc3 e6 4. Nf3 Bb4 5. Qb3 Bxc3+ 6. Qxc3 O-O 7. Bg5 d5 8.
cxd5 exd5 9. Rc1 c6 10. Nd2 Qd6 11. e3 Bd7 12. Bd3 Re8 13. Bf4 Qxf4 14. O-O Qd6
15. Nf3 Ne4 16. Qc2 f6 17. a3 Bf5 18. Nh4 Bg6 19. f3 Ng5 20. Bxg6 hxg6 21. Qxg6
Qf8 22. Nf5 Kh8 23. Qh5+ Nh7 24. f4 a6 25. Rf3 Ra7 26. Rg3 Qf7 27. Rg6 Rae7 28.
Rc3 Nd7 29. Rxc6 Ndf8 30. Nxe7 Qxe7 31. Rg3 Ne6 32. Rh3 Nef8 33. Qxd5 Ng6 34.
Qh5 Ngf8 35. Qf3 Ng6 36. f5 Ngf8 37. Qh5 Qe4 38. Rc1 Kg8 39. Kf2 Qe7 40. Rc6
Rd8 41. Qe2 Qd7 42. Qc4+ Kh8 43. e4 b5 44. Qc5 Re8 45. Rc7 Qd8 46. Rh4 a5 47.
Qa7 Rxe4 48. Rxe4 Qd5 49. Rf4 Qb3 50. Rxg7 Qxb2+ 51. Kg1 Qc1+ 52. Rf1 Qe3+ 53.
Kh1 Qe2 54. Rg1 Ng5 55. Qe7 Qxe7 56. Rxe7 b4 57. axb4 axb4 58. Rb1 Kg8 59. Rxb4
Nf7 60. d5 Nd6 61. Rg4+ Kh8 62. Rh4+ Kg8 63. g4 Nc4 64. Rh6 Nd6 65. Rxf6 Nc4
66. Re8 Kg7 67. Rfxf8 Nd6 68. Rd8 Ne4 69. Rfe8 Nf6 70. Re7+ Kh6 71. Rd6 Kg5 72.
Rg7+ Kh4 73. Rxf6 1-0

[Event "East Lansing (MI Op/1)"]
[Site "?"]
[Date "1982.??.??"]
[Round "?"]
[White "Poschel, Paul"]
[Black "Wygrecki, J.."]
[Result "1-0"]
[WhiteElo "2305"]
[BlackElo "1920"]
[PlyCount "91"]
[EventDate "1982.??.??"]

1. c4 e5 2. Nc3 Nf6 3. Nf3 Nc6 4. e4 Bc5 5. Nxe5 Nxe5 6. d4 Bb4 7. dxe5 Nxe4 8.
Qd4 Nc5 9. Be3 O-O 10. O-O-O Ne6 11. Qd3 Bc5 12. g3 d6 13. Bxc5 dxc5 14. Qxd8
Rxd8 15. Rxd8+ Nxd8 16. Bg2 Ne6 17. Rd1 Nd4 18. Ne4 Bf5 19. Nxc5 Rd8 20. Rd2 b6
21. Ne4 Kf8 22. f4 Ke7 23. b3 h6 24. Nc3 c6 25. Nd5+ cxd5 26. Rxd4 dxc4 27.
Rxd8 Kxd8 28. bxc4 f6 29. exf6 gxf6 30. Kd2 Kd7 31. Kc3 Kd6 32. Kd4 Bg6 33. g4
Bf7 34. h4 Bg6 35. Bd5 a6 36. Bb7 a5 37. a3 Be8 38. Bd5 Bg6 39. Be4 Be8 40. Bd3
Bd7 41. g5 fxg5 42. fxg5 hxg5 43. hxg5 Be8 44. g6 Ke6 45. g7 Bf7 46. Bh7 1-0

[Event "East Lansing (MI Op/5)"]
[Site "?"]
[Date "1982.??.??"]
[Round "?"]
[White "Poschel, Paul"]
[Black "Vandivier, Don"]
[Result "1-0"]
[WhiteElo "2305"]
[BlackElo "2015"]
[PlyCount "64"]
[EventDate "1982.??.??"]

1. c4 e5 2. Nc3 c6 3. Nf3 d6 4. d4 exd4 5. Nxd4 Nf6 6. e4 Be7 7. Be2 O-O 8. O-O
d5 9. cxd5 cxd5 10. exd5 Nxd5 11. Nxd5 Qxd5 12. Bf3 Qd8 13. Be3 Bf6 14. Qa4 Bd7
15. Qb3 Nc6 16. Rfd1 Qc8 17. Rac1 Qe8 18. Nxc6 bxc6 19. Rxd7 Qxd7 20. Bxc6 Qe7
21. Bxa8 Rxa8 22. Qc2 h6 23. b3 Be5 24. g3 Bd6 25. Qc6 Rd8 26. Qa6 Rd7 27. Rc8+
Kh7 28. Qd3+ g6 29. Bd4 f6 30. Qe3 Be5 31. Rc4 Qd6 32. Bxe5 fxe5 1-0

[Event "East Lansing (MI Op/3)"]
[Site "?"]
[Date "1982.??.??"]
[Round "?"]
[White "Poschel, Paul"]
[Black "Thompson, Dexter"]
[Result "1-0"]
[WhiteElo "2305"]
[BlackElo "2060"]
[PlyCount "99"]
[EventDate "1982.??.??"]

1. c4 e6 2. g3 d5 3. Bg2 c6 4. b3 Nf6 5. Nf3 Be7 6. Bb2 O-O 7. O-O Ne4 8. d3
Bf6 9. Bxf6 Qxf6 10. Na3 Nc3 11. Qc2 b5 12. cxb5 cxb5 13. Rac1 b4 14. Nb1 Nxb1
15. Rxb1 Na6 16. d4 Bb7 17. Rfc1 Rac8 18. Qd3 Nc7 19. Ne5 a5 20. Nd7 Qe7 21.
Nxf8 Qxf8 22. Rc5 Ba6 23. Qc2 Nb5 24. Rxc8 Qxc8 25. Qxc8+ Bxc8 26. e3 Kf8 27.
Bf1 Nc3 28. Ra1 Ke7 29. a3 e5 30. dxe5 Bf5 31. axb4 axb4 32. Ra7+ Ke6 33. Rb7
Na2 34. f4 f6 35. Rb6+ Ke7 36. exf6+ gxf6 37. Bg2 Be6 38. Rb7+ Kd6 39. Rb6+ Ke7
40. Rb7+ Kd6 41. Rxh7 d4 42. exd4 Bxb3 43. Rb7 Bc2 44. Rb6+ Ke7 45. Bd5 Nc3 46.
Bc4 b3 47. Bxb3 Bxb3 48. Rxb3 Ne2+ 49. Kf2 Nxd4 50. Rd3 1-0

[Event "Ann Arbor (MI Futurity/6)"]
[Site "?"]
[Date "1982.??.??"]
[Round "?"]
[White "Poschel, Paul"]
[Black "Tennant, S.."]
[Result "1/2-1/2"]
[WhiteElo "2255"]
[BlackElo "2315"]
[PlyCount "123"]
[EventDate "1982.??.??"]

1. c4 Nf6 2. Nc3 g6 3. e4 d6 4. d4 Bg7 5. Be2 O-O 6. Bg5 c5 7. dxc5 Qa5 8. Bd2
Qxc5 9. h3 Be6 10. Rc1 Bxc4 11. Nf3 Bxe2 12. Qxe2 Qb6 13. O-O Nc6 14. Bg5 Qd8
15. e5 dxe5 16. Nxe5 Nxe5 17. Qxe5 h6 18. Rfd1 Qb8 19. Qxb8 Raxb8 20. Be3 a6
21. Bc5 Rfe8 22. Rd3 Rbc8 23. Be3 Red8 24. Rcd1 Rxd3 25. Rxd3 e6 26. Rd6 Kf8
27. Rb6 Rc7 28. Bf4 Rd7 29. Kf1 Ke7 30. Ke2 Nh5 31. Be3 f5 32. g3 g5 33. Na4 f4
34. gxf4 gxf4 35. Bc5+ Kf7 36. Ba3 Bd4 37. Bc5 Bf6 38. Kf3 Bd8 39. Rd6 Rxd6 40.
Bxd6 Bf6 41. Bxf4 Nxf4 42. Kxf4 Bd4 43. f3 Kf6 44. Ke4 Ba7 45. Nc3 Kg5 46. Ne2
Kh4 47. Nf4 Bb8 48. Nxe6 Kxh3 49. f4 Kg4 50. f5 h5 51. f6 h4 52. f7 Bd6 53. Nf4
h3 54. Nxh3 Kxh3 55. Kd5 Bf8 56. Ke6 Kg4 57. Kd7 Kf5 58. Kc7 b5 59. Kb6 Ke6 60.
Kxa6 b4 61. Kb5 Kxf7 62. a3 1/2-1/2

[Event "Southfield (MEX/4)"]
[Site "?"]
[Date "1982.??.??"]
[Round "?"]
[White "Poschel, Paul"]
[Black "Ross, D.."]
[Result "1/2-1/2"]
[WhiteElo "2290"]
[BlackElo "2090"]
[PlyCount "89"]
[EventDate "1982.??.??"]

1. c4 c5 2. Nf3 Nc6 3. Nc3 g6 4. e3 Nf6 5. d4 cxd4 6. exd4 d5 7. Bg5 Be6 8.
Bxf6 exf6 9. c5 Bg7 10. Be2 O-O 11. O-O f5 12. Re1 Qf6 13. Nb5 Rab8 14. Bf1 a6
15. Nc7 Nxd4 16. Nxd4 Qxd4 17. Nxe6 fxe6 18. Rxe6 Qxc5 19. Rc1 Qd4 20. Qxd4
Bxd4 21. Rd1 Bxb2 22. Rb6 Be5 23. Rxd5 Bc7 24. Rb1 b5 25. Rc1 Rfd8 26. Rxd8+
Bxd8 27. g3 Kf8 28. Bg2 Rb6 29. Kf1 Rd6 30. Rc6 Rxc6 31. Bxc6 Bb6 32. Ke2 Ke7
33. f3 Kd6 34. Bb7 a5 35. Kd3 Bg1 36. h3 Bf2 37. g4 fxg4 38. fxg4 Ke5 39. Ke2
Bc5 40. Ba6 b4 41. Kf3 a4 42. Bc4 g5 43. Bg8 h6 44. h4 Kd4 45. h5 1/2-1/2

[Event "Ann Arbor (MI Futurity/3)"]
[Site "?"]
[Date "1982.??.??"]
[Round "?"]
[White "Poschel, Paul"]
[Black "O'Donnell, Robert"]
[Result "1-0"]
[WhiteElo "2255"]
[BlackElo "2150"]
[PlyCount "53"]
[EventDate "1982.??.??"]

1. c4 Nf6 2. Nc3 g6 3. e4 d6 4. d4 Bg7 5. Be2 O-O 6. Bg5 c5 7. dxc5 Qa5 8. Bd2
Qxc5 9. h3 Nc6 10. Nf3 Bd7 11. O-O Rfc8 12. Na4 Qh5 13. Ng5 Qh4 14. g3 Qh6 15.
Nxf7 Qxh3 16. Ng5 Qh6 17. Kg2 Nd4 18. Rh1 Qxh1+ 19. Kxh1 Nxe2 20. Qxe2 Bxa4 21.
Kg1 Bd7 22. e5 dxe5 23. Qxe5 Rxc4 24. Qxe7 Rf8 25. Bc3 Bg4 26. Bxf6 Rxf6 27.
Qd8+ 1-0